00734cam a22002411 450000100060000000300080000600500170001400800410003103500190007203500180009104000300010904100080013904200120014708200230015910000290018224500640021125000190027526000350029430000200032950000610034950400350041060000470044577308BD-RjUL20211209082945.0200312s1958 enkch b 000 0 eng  a(BD-RjUL)77533 a(OCoLC)304352 aDLCcOYUdOCoLCdDLCbeng aeng apremarc a016.8219bWAB 19581 aWade, Allan,d1881-1955.12aA bibliography of the writings of W. B. Yeats./cAllan Wade a[2d ed., rev.] aLondon:bR. Hart-Davis,c1958. a449 p.;c23 cm. aLabel mounted on t.p.: Fair Lawn, N.J., Essential Books. aIncludes Bibliographical index10aYeats, W. B.q(William Butler),d1865-1939